Pokémon - Les attaques de Sarmuraï - Statistiques

Statistiques générales
  • Ce quiz a été pris 15 fois
  • Le résultat moyen est 10 sur 16
Statistiques - réponses
Niveaux Types Noms des attaques % Correct
Niveau 44 Eau Aqua-Brèche
100%
Départ Évolution Insecte Escarmouche
100%
Niveau 32 Eau Coqui-Lame
89%
Départ Sol Jet de Sable
89%
Niveau 8 Insecte Taillade
89%
Niveau 24 Ténèbres Coup Bas
78%
Niveau 20 Acier Mur de Fer
67%
Niveau 36 Insecte Dard-Nuée
56%
Niveau 16 Insecte Piqûre
56%
Départ Insecte Survinsecte
56%
Niveau 12 Sol Tir de Boue
56%
Niveau 28 Normal Tranche
56%
Départ Spectre Dépit
44%
Niveau 4 Combat Éclate-Roc
44%
Niveau 40 Normal Danse Lames
22%
Départ Normal Boul'Armure
11%
Aucun quiz correspondant
Distribution des résultats
% des personnes avec chaque résultat
Percentile par nombre de réponses
Votre historique - résultats
Vous n’avez pas pris ce quiz